| 000 | 00685nam a22001577a 4500 | ||
|---|---|---|---|
| 003 | OSt | ||
| 005 | 20150921150351.0 | ||
| 008 | 150921b xxu||||| |||| 00| 0 eng d | ||
| 040 | _cRUA | ||
| 082 | _aAGR CHE 2008 B035 Or.1 | ||
| 100 |
_91017 _aCHEA VUTHEA |
||
| 245 | _aEffect OF CHICKEN MANURE ON LETTUCE IN CROP STATION OF ROYAL UNIVERSITY OF AGRICULTURE,(ប្រសិទ្ធភាពនៃជីលាមកមាន់លើដំណាំសាលាដនៅ ស្ថានីយ៍ដំណំាសាកលវិទ្យាល័យភូមិន្ទកសិកម្ម) | ||
| 260 |
_aphnom penh _bRUA _c2008 |
||
| 300 |
_ax,53p. _cill. _g29cm. |
||
| 942 |
_2ddc _cAGR |
||
| 999 |
_c976 _d976 |
||